书目信息 |
| 题名: |
在祖国的一年
|
|
| 作者: | 普列汉诺夫 著 ;王荫庭 , 杨永 译 | |
| 分册: | ||
| 出版信息: | 北京 三联书店 1980 |
|
| 页数: | 485页 | |
| 开本: | 21cm | |
| 丛书名: | ||
| 单 册: | ||
| 中图分类: | B512.54 , D143 | |
| 科图分类: | ||
| 主题词: | 国际共产主义运动 | |
| 电子资源: | ||
| ISBN: | ||
| 000 | 00822nam0 2200289 45 | |
| 001 | 0180005664 | |
| 005 | 20040427150749.5 | |
| 010 | @dCNY1.55 | |
| 091 | @a3002.222 | |
| 100 | @a19950526d1980 em y0chiy0121 ea | |
| 101 | 1 | @achi@crus |
| 102 | @aCN@b110000 | |
| 105 | @ay m 000yy | |
| 106 | @ar | |
| 200 | 10 | @a在祖国的一年@Azai zu guo de yi nian@e一九一七—一九一八年言论文集@f(俄)普列汉诺夫著@g王荫庭, 杨永译 |
| 210 | @a北京@c三联书店@d1980 | |
| 215 | @a485页@d21cm | |
| 600 | 1 | @a普列汉诺夫@bA.N.@x哲学思想 |
| 606 | 0 | @a国际共产主义运动 |
| 690 | @aB512.54@v3 | |
| 690 | @aD143 | |
| 701 | 1 | @a普列汉诺夫@Apu lie han nuo fu@4著 |
| 702 | 0 | @a王荫庭@Awang yin ting@4译 |
| 702 | 0 | @a杨永@Ayang yong@4译 |
| 801 | 0 | @aCN@b上海图书馆@c20040427 |
| 801 | 2 | @aCN@bNLC@c20040427 |
| 905 | @f1@b69154@dD143@e2 | |
| 在祖国的一年:一九一七—一九一八年言论文集/(俄)普列汉诺夫著/王荫庭, 杨永译.-北京:三联书店,1980 |
| 485页;21cm |
| ISBN :CNY1.55 |
| ● |
| 相关链接 |
|
|
|
|
正题名:在祖国的一年
索取号:D143/2
 
预约/预借
| 序号 | 登录号 | 条形码 | 馆藏地/架位号 | 状态 | 备注 |
| 1 | 0069154 | 001011372 | 第一借阅区/ [索取号:D143/2] | 在馆 | |
| 2 | 0069155 | 001768563 | 密集书库/ [索取号:D143/2] | 在馆 | |
| 3 | 0069156 | 001018302 | 第一样本阅览室/ [索取号:D143/2] | 在馆 |